| 000 | 00891nas a2200277 4500 | ||
|---|---|---|---|
| 001 | BR2010002879 | ||
| 003 | BR-BrBNA | ||
| 005 | 20231205114248.0 | ||
| 007 | ta | ||
| 008 | 230509b bl.|||p| |||| 00| 00por d | ||
| 040 |
_aBR-BrBNA _bpor _cBiblioteca Nacional de Agricultura |
||
| 041 | _a(Pt) | ||
| 072 | _aH20 | ||
| 100 | 1 | _aCabral, C. da P. | |
| 100 | 1 | _aGama, M.A.S. da | |
| 100 | 1 | _aAlexandre, E.R. | |
| 100 | 1 | _aMariano, R. de L.R. | |
| 100 | 1 | _aSilveira, E.B. da | |
| 245 | 1 | _aEfeito de acibenzolar-S-metil, mananoligossacarídeo e bioflavonóides cítricos no controle da mancha-aquosa e no crescimento do meloeiro | |
| 650 | _aMELÃO | ||
| 650 | _aBACTÉRIA | ||
| 650 | _aMANCHA | ||
| 773 | 0 |
_tTropical Plant Pathology (Brazil) _xISSN 1982-5676 _g(Mar-Apr 2010), v. 35(2) p. 119-123 _wBR2010002879 |
|
| 909 |
_a202311 _bLúcia _c55 _dLúcia Elande |
||
| 942 |
_2AGRIS _n0 _cANA |
||
| 999 |
_c207913 _d207913 |
||